000 01462nam a2200349 c 4500
003 BLK
005 20180420215741.0
008 180413b bul|||||r ||||||| ||bul||
010 _aKNG00024591000
020 _a954-9577-09-0
_bиздат.: Алма матер интернационал
040 _aBLK
041 _aBUL
_cBUL
_hFRE
080 _aОрганизация на обучението - висше образование
_b378.1
_x(44)(035)
_z378.1(44)(035)
100 1 _aДамянова, Антоанета
_eпърви автор
_9266257
139 _aДамянова, Антоанета
_bА 75
245 1 0 _aКак да следвам във Франция
_cАнтоанета Дамянова.
257 _aBGR
260 Габрово
_bАлма матер интернационал
_c1998
_fГаброво : Габрово принт
300 _a60 с.
_bс табл., диагр.
_c20 см
380 _a3
500 _aАвт. не отбелязана на кор. - Текст и на фр. ез.
650 4 _aВисше образование - Франция
_9266258
650 4 _aСтуденти - приемане във ВУЗ - Франция
_9266259
653 _aФранция
653 _aвисше образование
653 _aсправочници
852 _aЦб 198487
856 4 _qpdf
_u
856 4 _qpdf
_u
942 _cKNG
_n0
944 _aCR
_c15.01.2003
_kЦветанка_Енчева
944 _aED
_c17.06.2004
_k
999 _c22241
_d22241